000 00585nam a2200181Ia 4500
008 151202s9999||||xx |||||||||||||| ||und||
082 _bPNVM-42649
100 _aसाने हेमा.
245 _aआपले हिरवे मित्र.
260 _b"मुराज प्रकाशन,पुणे."
260 _c1999
300 _a46
600 _aसाने हेमा.
630 _aआपले हिरवे मित्र.
700 _aसाने हेमा.
730 _aआपले हिरवे मित्र.
942 _cBOOK
999 _c1308601
_d1308598